[Event "Finals of the Oberliga Württemberg"]
[Site "chess24.com"]
[Date "2019.04.07"]
[Round "9"]
[White "Braeuning, Rudolf Wilhelm"]
[Black "Weiss, Oliver"]
[Result "1-0"]
[Board "2"]
[WhiteElo "2291"]
[WhiteTitle "FM"]
[WhiteCountry "GER"]
[WhiteFideId "4602218"]
[WhiteEloChange "9"]
[BlackElo "2266"]
[BlackTitle "FM"]
[BlackCountry "GER"]
[BlackFideId "4648099"]
[BlackEloChange "-9"]

1. e4 {[%clk 1:30:30]} e6 {[%clk 1:30:30]} 2. d4 {[%clk 1:30:30]} d5 {[%clk
1:30:30]} 3. Nd2 {[%clk 1:30:30]} Nc6 {[%clk 1:30:30]} 4. Ngf3 {[%clk 1:30:30]}
Nf6 {[%clk 1:30:30]} 5. e5 {[%clk 1:30:30]} Nd7 {[%clk 1:30:30]} 6. Be2 {[%clk
1:30:30]} f6 {[%clk 1:30:59]} 7. exf6 {[%clk 1:30:30]} Qxf6 {[%clk 1:30:59]} 8.
Nf1 {[%clk 1:30:30]} Bd6 {[%clk 1:30:59]} 9. Ne3 {[%clk 1:30:30]} O-O {[%clk
1:30:59]} 10. O-O {[%clk 1:30:30]} Qg6 {[%clk 1:30:59]} 11. c4 {[%clk 1:30:30]}
Nf6 {[%clk 1:30:59]} 12. c5 {[%clk 1:30:30]} Be7 {[%clk 1:30:59]} 13. Bb5 {[%clk
1:30:30]} Nd7 {[%clk 1:30:59]} 14. Kh1 {[%clk 1:30:30]} Bf6 {[%clk 1:30:59]} 15.
h3 {[%clk 1:30:30]} Ne7 {[%clk 1:30:59]} 16. Ng4 {[%clk 1:30:30]} c6 {[%clk
1:30:59]} 17. Bd3 {[%clk 1:30:30]} Qh5 {[%clk 1:30:59]} 18. Re1 {[%clk 1:30:30]}
Nf5 {[%clk 1:30:59]} 19. Rxe6 {[%clk 1:30:30]} Bd8 {[%clk 1:30:59]} 20. Re1
{[%clk 1:30:30]} Kh8 {[%clk 1:30:59]} 21. Bf4 {[%clk 1:30:30]} Nxd4 {[%clk
1:30:59]} 22. Nxd4 {[%clk 1:30:30]} Rxf4 {[%clk 1:30:59]} 23. Ne6 {[%clk
1:30:30]} Bg5 {[%clk 1:30:59]} 24. Nxf4 {[%clk 1:30:30]} Bxf4 {[%clk 1:30:59]}
25. Qf3 {[%clk 1:30:30]} g5 {[%clk 1:30:59]} 26. Re7 {[%clk 1:30:30]} Nf8 {[%clk
1:30:59]} 27. Rae1 {[%clk 1:30:30]} Bd7 {[%clk 1:30:59]} 28. Bf5 {[%clk 1:30:30]}
Bxf5 {[%clk 1:30:59]} 29. Qc3+ {[%clk 1:30:30]} 1-0

[Event "Finals of the Oberliga Württemberg"]
[Site "chess24.com"]
[Date "2019.04.07"]
[Round "9"]
[White "Mack, Wolfgang"]
[Black "Khadempour, Farhad"]
[Result "1-0"]
[Board "3"]
[WhiteElo "2240"]
[WhiteTitle "FM"]
[WhiteCountry "GER"]
[WhiteFideId "4685458"]
[WhiteEloChange "7"]
[BlackElo "2144"]
[BlackCountry "GER"]
[BlackFideId "4619498"]
[BlackEloChange "-7"]

1. g3 {[%clk 1:30:30]} Nf6 {[%clk 1:30:30]} 2. Bg2 {[%clk 1:30:30]} e5 {[%clk
1:30:30]} 3. e4 {[%clk 1:30:30]} d5 {[%clk 1:30:30]} 4. exd5 {[%clk 1:30:30]}
Nxd5 {[%clk 1:30:30]} 5. Nc3 {[%clk 1:30:30]} Nxc3 {[%clk 1:30:30]} 6. bxc3
{[%clk 1:30:30]} Bd6 {[%clk 1:30:30]} 7. Nf3 {[%clk 1:30:30]} O-O {[%clk
1:30:30]} 8. O-O {[%clk 1:30:30]} Nc6 {[%clk 1:30:30]} 9. Re1 {[%clk 1:30:30]}
Bg4 {[%clk 1:30:30]} 10. h3 {[%clk 1:30:30]} Bh5 {[%clk 1:30:30]} 11. d3 {[%clk
1:30:30]} f5 {[%clk 1:30:30]} 12. Qd2 {[%clk 1:30:30]} h6 {[%clk 1:30:30]} 13.
Rb1 {[%clk 1:30:30]} b6 {[%clk 1:30:30]} 14. Nh2 {[%clk 1:30:30]} Qd7 {[%clk
1:30:30]} 15. Bb2 {[%clk 1:30:30]} Rae8 {[%clk 1:30:30]} 16. c4 {[%clk 1:30:30]}
Re7 {[%clk 1:30:30]} 17. Bc3 {[%clk 1:30:30]} Rfe8 {[%clk 1:30:30]} 18. g4 {[%clk
1:30:30]} Bg6 {[%clk 1:30:30]} 19. g5 {[%clk 1:30:30]} Kh7 {[%clk 1:30:30]} 20.
Nf3 {[%clk 1:30:30]} Bh5 {[%clk 1:30:30]} 21. Nh4 {[%clk 1:30:30]} g6 {[%clk
1:30:30]} 22. gxh6 {[%clk 1:30:30]} e4 {[%clk 1:30:30]} 23. dxe4 {[%clk 1:30:30]}
fxe4 {[%clk 1:30:30]} 24. Qd5 {[%clk 1:30:30]} Ne5 {[%clk 1:30:30]} 25. Rxe4
{[%clk 1:30:30]} c6 {[%clk 1:30:30]} 26. Qd4 {[%clk 1:30:30]} g5 {[%clk 1:30:30]}
27. Nf5 {[%clk 1:30:30]} Qxf5 {[%clk 1:30:30]} 28. Qxd6 {[%clk 1:30:30]} Nf3+
{[%clk 1:30:30]} 29. Bxf3 {[%clk 1:30:30]} Rxe4 {[%clk 1:30:30]} 30. Bxh5 {[%clk
1:30:30]} R8e6 {[%clk 1:30:30]} 31. Qd7+ {[%clk 1:30:59]} Kxh6 {[%clk 1:30:30]}
32. Bf3 {[%clk 1:30:59]} Re1+ {[%clk 1:30:30]} 33. Kg2 {[%clk 1:30:59]} Re7
{[%clk 1:30:30]} 34. Qxf5 {[%clk 1:30:59]} 1-0

[Event "Finals of the Oberliga Württemberg"]
[Site "chess24.com"]
[Date "2019.04.07"]
[Round "9"]
[White "Carstens, Andreas"]
[Black "Oberst, Thomas"]
[Result "1/2-1/2"]
[Board "4"]
[WhiteElo "2151"]
[WhiteTitle "FM"]
[WhiteCountry "GER"]
[WhiteFideId "4600770"]
[WhiteEloChange "3"]
[BlackElo "2270"]
[BlackTitle "FM"]
[BlackCountry "GER"]
[BlackFideId "4614933"]
[BlackEloChange "-3"]

1. e4 {[%clk 1:30:30]} c5 {[%clk 1:30:30]} 2. Nf3 {[%clk 1:30:30]} Nc6 {[%clk
1:30:30]} 3. d4 {[%clk 1:30:30]} cxd4 {[%clk 1:30:30]} 4. Nxd4 {[%clk 1:30:30]}
Nf6 {[%clk 1:30:30]} 5. Nc3 {[%clk 1:30:30]} d6 {[%clk 1:30:30]} 6. f3 {[%clk
1:30:30]} e5 {[%clk 1:30:30]} 7. Nb3 {[%clk 1:30:30]} Be7 {[%clk 1:30:30]} 8. Be3
{[%clk 1:30:30]} O-O {[%clk 1:30:30]} 9. Qd2 {[%clk 1:30:30]} a5 {[%clk 1:30:30]}
10. Bb5 {[%clk 1:30:30]} Be6 {[%clk 1:30:30]} 11. Nd5 {[%clk 1:30:30]} a4 {[%clk
1:30:30]} 12. Bb6 {[%clk 1:30:30]} Qd7 {[%clk 1:30:30]} 13. Na5 {[%clk 1:30:30]}
Bd8 {[%clk 1:30:30]} 14. Bxd8 {[%clk 1:30:30]} Raxd8 {[%clk 1:30:30]} 15. Bxa4
{[%clk 1:30:30]} Kh8 {[%clk 1:30:30]} 16. Nxf6 {[%clk 1:30:30]} gxf6 {[%clk
1:30:30]} 17. Qh6 {[%clk 1:30:30]} Rg8 {[%clk 1:30:30]} 18. Qxf6+ {[%clk
1:30:30]} Rg7 {[%clk 1:30:30]} 19. Nxc6 {[%clk 1:30:30]} bxc6 {[%clk 1:30:30]}
20. Bxc6 {[%clk 1:30:30]} Qc7 {[%clk 1:30:30]} 21. O-O-O {[%clk 1:30:30]} Rc8
{[%clk 1:30:30]} 22. Ba4 {[%clk 1:30:30]} Kg8 {[%clk 1:30:30]} 23. Kb1 {[%clk
1:30:30]} Rg6 {[%clk 1:30:30]} 24. Qh4 {[%clk 1:30:30]} Bxa2+ {[%clk 1:30:30]}
25. Kxa2 {[%clk 1:30:30]} Ra8 {[%clk 1:30:30]} 26. Qf2 {[%clk 1:30:30]} Rxa4+
{[%clk 1:30:30]} 27. Kb1 {[%clk 1:30:30]} Qa5 {[%clk 1:30:30]} 28. c3 {[%clk
1:30:30]} Ra2 {[%clk 1:30:30]} 29. Rhf1 {[%clk 1:30:30]} Qa4 {[%clk 1:30:30]} 30.
Kc1 {[%clk 1:30:59]} Qb3 {[%clk 1:30:30]} 31. Rd5 {[%clk 1:30:59]} Ra1+ {[%clk
1:30:30]} 32. Kd2 {[%clk 1:30:59]} Qxb2+ {[%clk 1:30:30]} 33. Kd3 {[%clk
1:30:59]} Qa3 {[%clk 1:30:30]} 34. Rxa1 {[%clk 1:30:59]} Qxa1 {[%clk 1:30:30]}
35. g3 {[%clk 1:30:59]} Qd1+ {[%clk 1:30:30]} 36. Ke3 {[%clk 1:30:59]} Qc1+
{[%clk 1:30:30]} 37. Qd2 {[%clk 1:30:59]} Qg1+ {[%clk 1:30:30]} 38. Kd3 {[%clk
1:30:59]} Qf1+ {[%clk 1:30:30]} 39. Qe2 {[%clk 1:30:59]} Qa1 {[%clk 1:30:30]} 40.
Qd2 {[%clk 1:30:59]} Qf1+ {[%clk 1:30:30]} 41. Qe2 {[%clk 1:30:59]} Qa1 {[%clk
1:30:30]} 42. Qd2 {[%clk 1:30:59]} 1/2-1/2

[Event "Finals of the Oberliga Württemberg"]
[Site "chess24.com"]
[Date "2019.04.07"]
[Round "9"]
[White "Schulze, Andreas"]
[Black "Wendler, David"]
[Result "0-1"]
[Board "7"]
[WhiteElo "2135"]
[WhiteCountry "GER"]
[WhiteFideId "4649281"]
[WhiteEloChange "-9"]
[BlackElo "2185"]
[BlackCountry "GER"]
[BlackFideId "12938360"]
[BlackEloChange "9"]

1. e4 {[%clk 1:30:30]} c5 {[%clk 1:30:30]} 2. d3 {[%clk 1:30:30]} Nc6 {[%clk
1:30:30]} 3. f4 {[%clk 1:30:30]} g6 {[%clk 1:30:30]} 4. Nf3 {[%clk 1:30:30]} Bg7
{[%clk 1:30:30]} 5. Be2 {[%clk 1:30:30]} Nf6 {[%clk 1:30:30]} 6. O-O {[%clk
1:30:30]} O-O {[%clk 1:30:59]} 7. c3 {[%clk 1:30:30]} c4 {[%clk 1:30:59]} 8. d4
{[%clk 1:30:30]} Nxe4 {[%clk 1:30:59]} 9. Bxc4 {[%clk 1:30:30]} d5 {[%clk
1:30:59]} 10. Bb3 {[%clk 1:30:30]} b5 {[%clk 1:30:59]} 11. Nbd2 {[%clk 1:30:30]}
Bf5 {[%clk 1:30:59]} 12. Nxe4 {[%clk 1:30:59]} Bxe4 {[%clk 1:30:59]} 13. Ng5
{[%clk 1:30:59]} Na5 {[%clk 1:30:59]} 14. Nxe4 {[%clk 1:30:59]} Nxb3 {[%clk
1:30:59]} 15. Qxb3 {[%clk 1:30:59]} dxe4 {[%clk 1:30:59]} 16. Re1 {[%clk
1:30:59]} Rb8 {[%clk 1:30:59]} 17. Rxe4 {[%clk 1:30:59]} b4 {[%clk 1:30:59]} 18.
Qd1 {[%clk 1:30:59]} bxc3 {[%clk 1:30:59]} 19. bxc3 {[%clk 1:30:59]} Qa5 {[%clk
1:30:59]} 20. Qd2 {[%clk 1:30:59]} Rfd8 {[%clk 1:30:59]} 21. Re2 {[%clk 1:30:59]}
Qa4 {[%clk 1:30:59]} 22. Qe1 {[%clk 1:30:59]} Rxd4 {[%clk 1:30:59]} 23. cxd4
{[%clk 1:30:59]} Qxd4+ {[%clk 1:30:59]} 24. Be3 {[%clk 1:30:59]} Qxa1 {[%clk
1:30:59]} 25. Qxa1 {[%clk 1:30:59]} Bxa1 {[%clk 1:30:59]} 26. Bxa7 {[%clk
1:30:59]} Ra8 {[%clk 1:30:59]} 27. Bc5 {[%clk 1:30:59]} e6 {[%clk 1:30:59]} 28.
g3 {[%clk 1:30:59]} Kg7 {[%clk 1:30:59]} 29. Kg2 {[%clk 1:30:59]} Kf6 {[%clk
1:30:59]} 30. Kf3 {[%clk 1:30:59]} e5 {[%clk 1:30:59]} 31. fxe5+ {[%clk 1:31:29]}
Bxe5 {[%clk 1:30:59]} 32. Bb4 {[%clk 1:31:29]} h5 {[%clk 1:30:59]} 33. Rc2 {[%clk
1:31:29]} Kf5 {[%clk 1:30:59]} 34. h3 {[%clk 1:31:29]} Rd8 {[%clk 1:31:29]} 35.
Rd2 {[%clk 1:31:29]} Ra8 {[%clk 1:31:29]} 36. a3 {[%clk 1:31:29]} Ke6 {[%clk
1:31:29]} 37. g4 {[%clk 1:31:29]} Rh8 {[%clk 1:31:29]} 38. gxh5 {[%clk 1:31:29]}
Rxh5 {[%clk 1:31:29]} 39. Kg2 {[%clk 1:31:29]} Rg5+ {[%clk 1:31:29]} 40. Kf2
{[%clk 1:31:29]} Rg3 {[%clk 1:31:29]} 41. a4 {[%clk 1:31:29]} Rxh3 {[%clk
1:31:29]} 42. a5 {[%clk 1:31:29]} Rh4 {[%clk 1:31:29]} 0-1

[Event "Finals of the Oberliga Württemberg"]
[Site "chess24.com"]
[Date "2019.04.07"]
[Round "9"]
[White "Plat, Vojtech"]
[Black "Schitco, Ivan"]
[Result "1/2-1/2"]
[Board "1"]
[WhiteElo "2533"]
[WhiteTitle "GM"]
[WhiteCountry "CZE"]
[WhiteFideId "325740"]
[WhiteEloChange "-1"]
[BlackElo "2434"]
[BlackTitle "FM"]
[BlackCountry "MDA"]
[BlackFideId "13905465"]
[BlackEloChange "1"]

1. d4 {[%clk 1:30:54]} Nf6 {[%clk 1:30:46]} 2. c4 {[%clk 1:31:18]} e6 {[%clk
1:30:53]} 3. Nc3 {[%clk 1:31:42]} c5 {[%clk 1:29:37]} 4. Nf3 {[%clk 1:31:45]}
cxd4 {[%clk 1:29:38]} 5. Nxd4 {[%clk 1:32:09]} d5 {[%clk 1:30:01]} 6. e3 {[%clk
1:31:31]} Be7 {[%clk 1:24:13]} 7. Qa4+ {[%clk 1:28:54]} Bd7 {[%clk 1:19:46]} 8.
Qb3 {[%clk 1:29:18]} Na6 {[%clk 1:18:11]} 9. cxd5 {[%clk 1:25:49]} Nc5 {[%clk
1:18:21]} 10. Qd1 {[%clk 1:22:03]} exd5 {[%clk 1:17:31]} 11. Bb5 {[%clk 1:21:34]}
Nce4 {[%clk 1:15:10]} 12. Nxe4 {[%clk 1:20:18]} dxe4 {[%clk 1:14:18]} 13. Qb3
{[%clk 1:19:11]} Bxb5 {[%clk 1:04:59]} 14. Qxb5+ {[%clk 1:19:35]} Qd7 {[%clk
1:05:22]} 15. Bd2 {[%clk 1:15:22]} 1/2-1/2

[Event "Finals of the Oberliga Württemberg"]
[Site "chess24.com"]
[Date "2019.04.07"]
[Round "9"]
[White "Kvetny, Mark"]
[Black "Henrichs, Thomas"]
[Result "1-0"]
[Board "2"]
[WhiteElo "2409"]
[WhiteTitle "IM"]
[WhiteCountry "GER"]
[WhiteFideId "24603929"]
[WhiteEloChange "5"]
[BlackElo "2440"]
[BlackTitle "IM"]
[BlackCountry "GER"]
[BlackFideId "4626605"]
[BlackEloChange "-5"]

1. c4 {[%clk 1:30:55]} f5 {[%clk 1:30:31]} 2. b3 {[%clk 1:28:07]} d6 {[%clk
1:28:24]} 3. Bb2 {[%clk 1:26:51]} e5 {[%clk 1:26:47]} 4. e3 {[%clk 1:26:37]} Nf6
{[%clk 1:25:25]} 5. Nf3 {[%clk 1:26:37]} g6 {[%clk 1:24:07]} 6. Be2 {[%clk
1:25:04]} Bg7 {[%clk 1:23:00]} 7. h4 {[%clk 1:24:13]} O-O {[%clk 1:18:27]} 8. d4
{[%clk 1:21:09]} e4 {[%clk 1:13:54]} 9. Ng5 {[%clk 1:20:30]} c6 {[%clk 1:12:12]}
10. Nc3 {[%clk 1:04:04]} d5 {[%clk 1:01:42]} 11. Nh3 {[%clk 0:59:54]} Bh6 {[%clk
0:54:57]} 12. Qd2 {[%clk 0:54:16]} Be6 {[%clk 0:53:59]} 13. f4 {[%clk 0:48:25]}
exf3 {[%clk 0:47:46]} 14. gxf3 {[%clk 0:47:39]} f4 {[%clk 0:47:31]} 15. e4 {[%clk
0:42:36]} dxe4 {[%clk 0:41:50]} 16. Nxe4 {[%clk 0:39:01]} Nh5 {[%clk 0:35:34]}
17. Nhg5 {[%clk 0:37:11]} Bf5 {[%clk 0:35:44]} 18. c5 {[%clk 0:34:17]} Qe7 {[%clk
0:21:40]} 19. O-O-O {[%clk 0:31:00]} Nd7 {[%clk 0:21:23]} 20. Bc4+ {[%clk
0:29:05]} Kh8 {[%clk 0:21:43]} 21. Rhe1 {[%clk 0:27:55]} 1-0

[Event "Finals of the Oberliga Württemberg"]
[Site "chess24.com"]
[Date "2019.04.07"]
[Round "9"]
[White "Balacek, Tadeas"]
[Black "Benkovic, Petar"]
[Result "1/2-1/2"]
[Board "3"]
[WhiteElo "2338"]
[WhiteTitle "CM"]
[WhiteCountry "CZE"]
[WhiteFideId "327646"]
[WhiteEloChange "2"]
[BlackElo "2405"]
[BlackTitle "IM"]
[BlackCountry "SRB"]
[BlackFideId "922641"]
[BlackEloChange "-1"]

1. d4 {[%clk 1:30:56]} Nf6 {[%clk 1:30:53]} 2. Nf3 {[%clk 1:31:17]} e6 {[%clk
1:31:14]} 3. Bf4 {[%clk 1:31:38]} d5 {[%clk 1:30:00]} 4. e3 {[%clk 1:31:50]} Bd6
{[%clk 1:30:22]} 5. Bg3 {[%clk 1:32:12]} O-O {[%clk 1:30:04]} 6. Nbd2 {[%clk
1:31:48]} b6 {[%clk 1:30:24]} 7. c3 {[%clk 1:25:25]} Bb7 {[%clk 1:30:43]} 8. Bd3
{[%clk 1:22:01]} c5 {[%clk 1:30:50]} 9. Ne5 {[%clk 1:18:23]} Nc6 {[%clk 1:30:32]}
10. Qb1 {[%clk 1:18:17]} g6 {[%clk 1:21:15]} 11. f4 {[%clk 1:10:15]} Ne7 {[%clk
1:21:00]} 12. O-O {[%clk 0:59:34]} Nf5 {[%clk 1:19:50]} 13. Bf2 {[%clk 0:59:41]}
Be7 {[%clk 1:19:04]} 14. b4 {[%clk 0:45:25]} cxb4 {[%clk 1:16:48]} 15. cxb4
{[%clk 0:45:43]} Rc8 {[%clk 1:08:41]} 16. Qb2 {[%clk 0:44:48]} Nd6 {[%clk
1:05:26]} 17. Rfc1 {[%clk 0:41:15]} b5 {[%clk 0:53:07]} 18. Rxc8 {[%clk 0:36:31]}
Qxc8 {[%clk 0:53:15]} 19. a3 {[%clk 0:34:03]} Nc4 {[%clk 0:51:37]} 20. Qa2 {[%clk
0:34:06]} Ne8 {[%clk 0:36:09]} 21. Nb3 {[%clk 0:33:45]} f6 {[%clk 0:32:43]} 22.
Nf3 {[%clk 0:34:05]} Bd6 {[%clk 0:31:13]} 23. Nc5 {[%clk 0:29:47]} Bc6 {[%clk
0:24:47]} 24. a4 {[%clk 0:26:39]} a6 {[%clk 0:18:59]} 25. axb5 {[%clk 0:26:45]}
axb5 {[%clk 0:19:18]} 26. Qa6 {[%clk 0:15:35]} Ng7 {[%clk 0:19:14]} 27. Qxc8
{[%clk 0:15:35]} Rxc8 {[%clk 0:18:16]} 28. Ra6 {[%clk 0:15:35]} 1/2-1/2

[Event "Finals of the Oberliga Württemberg"]
[Site "chess24.com"]
[Date "2019.04.07"]
[Round "9"]
[White "Neyman, Igor"]
[Black "Hasenohr, Benedict"]
[Result "1-0"]
[Board "4"]
[WhiteElo "2322"]
[WhiteTitle "FM"]
[WhiteCountry "GER"]
[WhiteFideId "4668820"]
[WhiteEloChange "9"]
[BlackElo "2271"]
[BlackTitle "FM"]
[BlackCountry "SUI"]
[BlackFideId "1303309"]
[BlackEloChange "-9"]

1. d4 {[%clk 1:30:57]} d5 {[%clk 1:30:55]} 2. c4 {[%clk 1:31:01]} c6 {[%clk
1:31:20]} 3. Nc3 {[%clk 1:30:51]} Nf6 {[%clk 1:31:45]} 4. e3 {[%clk 1:30:11]} e6
{[%clk 1:31:13]} 5. Bd2 {[%clk 1:28:40]} Nbd7 {[%clk 1:30:38]} 6. Rc1 {[%clk
1:28:23]} Bd6 {[%clk 1:25:12]} 7. cxd5 {[%clk 1:26:49]} exd5 {[%clk 1:21:19]} 8.
Bd3 {[%clk 1:26:52]} O-O {[%clk 1:21:12]} 9. Nge2 {[%clk 1:25:49]} Re8 {[%clk
1:18:44]} 10. f3 {[%clk 1:24:06]} Nh5 {[%clk 1:05:23]} 11. g3 {[%clk 1:22:28]}
Nf8 {[%clk 1:00:39]} 12. O-O {[%clk 1:20:41]} Bh3 {[%clk 0:59:54]} 13. Rf2 {[%clk
1:20:14]} Qd7 {[%clk 0:52:30]} 14. Kh1 {[%clk 1:14:02]} Nf6 {[%clk 0:49:34]} 15.
Qc2 {[%clk 1:06:36]} Rad8 {[%clk 0:43:15]} 16. Ng1 {[%clk 1:01:11]} Be6 {[%clk
0:36:01]} 17. a3 {[%clk 0:57:19]} Qe7 {[%clk 0:30:54]} 18. Kg2 {[%clk 0:51:16]}
h5 {[%clk 0:30:27]} 19. Nge2 {[%clk 0:46:26]} N8h7 {[%clk 0:28:14]} 20. h4 {[%clk
0:43:27]} g6 {[%clk 0:27:14]} 21. Nf4 {[%clk 0:42:13]} Bc8 {[%clk 0:26:05]} 22.
Nce2 {[%clk 0:40:14]} Qf8 {[%clk 0:24:30]} 23. b4 {[%clk 0:34:49]} a6 {[%clk
0:24:23]} 24. Nc3 {[%clk 0:33:00]} Qg7 {[%clk 0:24:03]} 25. Rh1 {[%clk 0:31:59]}
Kh8 {[%clk 0:23:45]} 26. Nce2 {[%clk 0:30:22]} Nf8 {[%clk 0:22:16]} 27. Nh3
{[%clk 0:27:50]} Re7 {[%clk 0:21:36]} 28. Nef4 {[%clk 0:25:55]} Rde8 {[%clk
0:19:28]} 29. Re2 {[%clk 0:23:52]} Kg8 {[%clk 0:19:05]} 30. Rhe1 {[%clk 0:22:31]}
Bc7 {[%clk 0:18:17]} 31. Bc3 {[%clk 0:21:18]} Qh6 {[%clk 0:17:41]} 32. Bd2 {[%clk
0:18:44]} Qg7 {[%clk 0:18:07]} 33. a4 {[%clk 0:14:19]} Bxh3+ {[%clk 0:14:52]} 34.
Nxh3 {[%clk 0:14:21]} Ne6 {[%clk 0:15:12]} 35. Ng5 {[%clk 0:12:34]} Nd7 {[%clk
0:12:38]} 36. b5 {[%clk 0:10:41]} axb5 {[%clk 0:09:43]} 37. axb5 {[%clk 0:11:00]}
c5 {[%clk 0:08:11]} 38. Nxe6 {[%clk 0:09:33]} Rxe6 {[%clk 0:08:12]} 39. dxc5
{[%clk 0:09:16]} g5 {[%clk 0:07:51]} 40. hxg5 {[%clk 0:08:29]} Qxg5 {[%clk
0:04:15]} 41. f4 {[%clk 0:06:52]} Qg7 {[%clk 0:02:45]} 42. Bf5 {[%clk 0:05:14]}
R6e7 {[%clk 0:19:52]} 43. Bc3 {[%clk 0:33:35]} Qh6 {[%clk 0:05:38]} 44. Bb4
{[%clk 0:28:30]} Nf6 {[%clk 0:04:52]} 45. c6 {[%clk 0:27:54]} Re4 {[%clk
0:04:58]} 46. Bxe4 {[%clk 0:25:14]} Nxe4 {[%clk 0:05:24]} 47. cxb7 {[%clk
0:23:37]} Qg7 {[%clk 0:03:08]} 48. Qxc7 {[%clk 0:20:06]} Nxg3 {[%clk 0:01:54]}
49. b8Q {[%clk 0:15:10]} Ne4+ {[%clk 0:00:41]} 50. Kh1 {[%clk 0:14:48]} 1-0

[Event "Finals of the Oberliga Württemberg"]
[Site "chess24.com"]
[Date "2019.04.07"]
[Round "9"]
[White "Wunder, Niklas"]
[Black "Strunski, Andreas"]
[Result "0-1"]
[Board "5"]
[WhiteElo "2091"]
[WhiteCountry "GER"]
[WhiteFideId "12933031"]
[WhiteEloChange "-4"]
[BlackElo "2322"]
[BlackTitle "IM"]
[BlackCountry "GER"]
[BlackFideId "24606073"]
[BlackEloChange "4"]

1. d4 {[%clk 1:30:58]} d5 {[%clk 1:30:51]} 2. c4 {[%clk 1:31:21]} c6 {[%clk
1:31:14]} 3. Nf3 {[%clk 1:31:36]} Nf6 {[%clk 1:31:39]} 4. e3 {[%clk 1:31:50]} Bg4
{[%clk 1:31:59]} 5. Nc3 {[%clk 1:31:03]} e6 {[%clk 1:29:21]} 6. h3 {[%clk
1:29:47]} Bxf3 {[%clk 1:27:14]} 7. Qxf3 {[%clk 1:29:49]} Nbd7 {[%clk 1:24:27]} 8.
Bd3 {[%clk 1:22:28]} Bd6 {[%clk 1:24:04]} 9. O-O {[%clk 1:22:14]} O-O {[%clk
1:23:06]} 10. Rd1 {[%clk 1:08:12]} Re8 {[%clk 1:19:44]} 11. Bf1 {[%clk 1:01:03]}
Qe7 {[%clk 1:12:40]} 12. e4 {[%clk 0:59:52]} dxe4 {[%clk 1:12:20]} 13. Nxe4
{[%clk 1:00:11]} Nxe4 {[%clk 1:12:19]} 14. Qxe4 {[%clk 1:00:35]} e5 {[%clk
1:10:57]} 15. d5 {[%clk 0:57:18]} Nf6 {[%clk 1:10:57]} 16. Qe1 {[%clk 0:53:55]}
cxd5 {[%clk 1:10:18]} 17. cxd5 {[%clk 0:54:13]} e4 {[%clk 1:09:36]} 18. Be3
{[%clk 0:51:02]} Qe5 {[%clk 1:06:24]} 19. g3 {[%clk 0:47:48]} Nxd5 {[%clk
1:01:31]} 20. Bd4 {[%clk 0:47:05]} Qf5 {[%clk 0:59:18]} 21. Qa5 {[%clk 0:41:19]}
Bc7 {[%clk 0:46:52]} 22. Qb5 {[%clk 0:40:01]} e3 {[%clk 0:46:31]} 23. f4 {[%clk
0:35:21]} e2 {[%clk 0:38:29]} 24. Bxe2 {[%clk 0:35:30]} Qxh3 {[%clk 0:37:24]} 25.
Kf2 {[%clk 0:29:40]} Qh2+ {[%clk 0:22:20]} 26. Kf3 {[%clk 0:28:44]} Nxf4 {[%clk
0:20:14]} 27. gxf4 {[%clk 0:28:18]} Qxf4+ {[%clk 0:20:20]} 28. Kg2 {[%clk
0:28:42]} Re6 {[%clk 0:20:08]} 29. Bd3 {[%clk 0:17:53]} Qg3+ {[%clk 0:19:33]} 30.
Kf1 {[%clk 0:18:17]} Qh3+ {[%clk 0:19:56]} 31. Kg1 {[%clk 0:16:02]} Bh2+ {[%clk
0:20:21]} 32. Kf2 {[%clk 0:16:24]} Qg3+ {[%clk 0:20:42]} 33. Kf1 {[%clk 0:16:48]}
Qf3+ {[%clk 0:21:07]} 34. Bf2 {[%clk 0:17:07]} Qh1+ {[%clk 0:21:07]} 0-1

[Event "Finals of the Oberliga Württemberg"]
[Site "chess24.com"]
[Date "2019.04.07"]
[Round "9"]
[White "Gabriel, Robert"]
[Black "Srba, Milan"]
[Result "1-0"]
[Board "6"]
[WhiteElo "2237"]
[WhiteTitle "FM"]
[WhiteCountry "GER"]
[WhiteFideId "4606477"]
[WhiteEloChange "8"]
[BlackElo "2180"]
[BlackCountry "CZE"]
[BlackFideId "321575"]
[BlackEloChange "-8"]

1. Nf3 {[%clk 1:29:03]} d5 {[%clk 1:30:28]} 2. b3 {[%clk 1:28:16]} c5 {[%clk
1:30:01]} 3. e3 {[%clk 1:28:10]} Nf6 {[%clk 1:29:30]} 4. Bb2 {[%clk 1:27:15]} g6
{[%clk 1:29:42]} 5. Bxf6 {[%clk 1:26:08]} exf6 {[%clk 1:30:04]} 6. Bb5+ {[%clk
1:24:16]} Nc6 {[%clk 1:30:22]} 7. Bxc6+ {[%clk 1:24:15]} bxc6 {[%clk 1:30:42]} 8.
O-O {[%clk 1:23:14]} Bg7 {[%clk 1:30:56]} 9. d4 {[%clk 1:22:29]} O-O {[%clk
1:27:36]} 10. Nc3 {[%clk 1:19:06]} f5 {[%clk 1:20:32]} 11. Na4 {[%clk 1:16:43]}
cxd4 {[%clk 1:18:08]} 12. exd4 {[%clk 1:16:33]} f4 {[%clk 1:17:24]} 13. Qd2
{[%clk 1:11:27]} Qd6 {[%clk 1:14:35]} 14. Rfe1 {[%clk 1:10:28]} Bf5 {[%clk
1:04:08]} 15. Ne5 {[%clk 1:06:10]} f6 {[%clk 0:58:17]} 16. Nd3 {[%clk 1:01:41]}
g5 {[%clk 0:53:37]} 17. Qb4 {[%clk 0:59:08]} Qd8 {[%clk 0:51:06]} 18. Nac5 {[%clk
0:44:09]} Qb6 {[%clk 0:40:21]} 19. Re7 {[%clk 0:41:40]} Rf7 {[%clk 0:39:40]} 20.
Rae1 {[%clk 0:40:09]} Bf8 {[%clk 0:39:40]} 21. Re8 {[%clk 0:38:48]} Rxe8 {[%clk
0:39:43]} 22. Rxe8 {[%clk 0:39:08]} Re7 {[%clk 0:35:37]} 23. Rxe7 {[%clk
0:34:18]} Bxe7 {[%clk 0:34:17]} 24. f3 {[%clk 0:33:03]} Kf7 {[%clk 0:29:41]} 25.
h3 {[%clk 0:32:26]} Ke8 {[%clk 0:28:03]} 26. a4 {[%clk 0:27:58]} Qxb4 {[%clk
0:11:52]} 27. Nxb4 {[%clk 0:27:55]} Bxc5 {[%clk 0:11:55]} 28. dxc5 {[%clk
0:28:13]} a5 {[%clk 0:08:25]} 29. Nxc6 {[%clk 0:27:53]} Bxc2 {[%clk 0:08:40]} 30.
Nxa5 {[%clk 0:27:23]} Kd7 {[%clk 0:08:30]} 31. Kf2 {[%clk 0:27:26]} Bd3 {[%clk
0:08:38]} 32. Ke1 {[%clk 0:24:27]} Kc7 {[%clk 0:08:50]} 33. b4 {[%clk 0:18:46]}
Bc2 {[%clk 0:08:54]} 34. b5 {[%clk 0:19:00]} Bxa4 {[%clk 0:09:16]} 35. b6+ {[%clk
0:19:14]} Kd7 {[%clk 0:09:23]} 36. Kd2 {[%clk 0:19:21]} Bb5 {[%clk 0:06:23]} 37.
Kc3 {[%clk 0:19:16]} Bf1 {[%clk 0:06:28]} 38. c6+ {[%clk 0:13:41]} Kd6 {[%clk
0:02:26]} 39. Kd4 {[%clk 0:12:39]} h5 {[%clk 0:02:21]} 40. b7 {[%clk 0:09:54]}
Kc7 {[%clk 0:02:27]} 41. Nb3 {[%clk 0:10:03]} Bb5 {[%clk 0:28:42]} 42. Na5 {[%clk
0:39:06]} Bf1 {[%clk 0:29:01]} 43. Nb3 {[%clk 0:37:05]} Bb5 {[%clk 0:29:23]} 1-0